000 00994nam a2200301 a 4500
001 vtls000194024
003 NLI
005 20210602113201.0
008 101125s1960 nyua 001 0 eng
020 _cUSD 3.75
039 9 _y201011252311
_zVLOAD
040 0 _aNLI
_beng
_cDatasoft 1
_eAACR2
041 0 _aeng
044 _anyu
082 0 4 _a336.39
100 1 _aBator, Francis M.
_q(Francis Michel),
_d1925-
_9375388
245 1 4 _aThe question of government spending :
_bpublic needs and private wants /
_cFrancis M. Bator
260 _aNew York :
_bHarper,
_cc1960
300 _axvi, 167 p. :
_bill. ;
_c22 cm.
500 _aIncludes index
651 0 _aUnited States
_xAppropriations and expenditures
_9293303
887 _a
901 _a333911
_b30.07.1960
902 _aE 336.39 B 321
942 _2ddc
_cBKS
949 _AVIRTUAITEM
_D10000
_X100
_6PUR000333911ENG
999 _aVIRTUA40
_c200959
_d200959
999 _aVTLSSORT0080*0200*0400*0410*0440*0820*1000*2450*2600*3000*5000*6510*9010*9020*9490*9991